Political Economic Banking Reforms In India (Record no. 108613)

MARC details
000 -LEADER
fixed length control field 00356pam a2200145 a 4500
020 ## - INTERNATIONAL STANDARD BOOK NUMBER
Terms of availability
041 ## - LANGUAGE CODE
Language code of original
082 ## - DEWEY DECIMAL CLASSIFICATION NUMBER
Classification number 201.69999999999999
Item number TYA
100 ## - MAIN ENTRY--PERSONAL NAME
Personal name Tyagi,D
245 ## - TITLE STATEMENT
Title Political Economic Banking Reforms In India
Medium Textual Documents
260 ## - PUBLICATION, DISTRIBUTION, ETC.
Place of publication, distribution, etc. New Delhi
Name of publisher, distributor, etc. Wisdom Publications
Date of publication, distribution, etc. 2006
300 ## - PHYSICAL DESCRIPTION
Extent XII/324
700 ## - ADDED ENTRY--PERSONAL NAME
Personal name Ahmad,F
930 ## - EQUIVALENCE OR CROSS-REFERENCE-UNIFORM TITLE HEADING [LOCAL, CANADA]
Uniform title 1780
Holdings
Withdrawn status Lost status Damaged status Not for loan Collection Home library Current library Shelving location Date acquired Source of acquisition Cost, normal purchase price Total Checkouts Full call number Barcode Date last seen Date last checked out Copy number Price effective from Koha item type
          Abhijit Kadam Institute of Management & Social Science, Solapur Abhijit Kadam Institute of Management & Social Science, Solapur   10/06/2010 Bharati Madhyavarti Sahakari Grahakbhandar Limited 695.00 6 201.69999999999999 TYA AKS-M-09262 17/04/2026 09/04/2026 1 01/03/2023 Book